| 000 | 00687nam a22002177a 4500 | ||
|---|---|---|---|
| 003 | 0 | ||
| 005 | 20250812164247.0 | ||
| 008 | 250812b xxu||||| |||| 00| 0 eng d | ||
| 020 | _a978-0-443-24523-7 | ||
| 050 |
_aRT 41 _b.W55 2026 |
||
| 100 |
_aWilliams, Patricia, _eauthor. |
||
| 245 |
_aFundamental concepts and skills for nursing / _cPatricia Williams. |
||
| 250 | _a7th ed. | ||
| 260 |
_aSt. Louis, Missouri : _bElsevier , _c2026. |
||
| 300 |
_axxiv, 952 pages : _bcolored illustrations ; _c28 cm. |
||
| 504 | _aIncludes bibliographical references and index. | ||
| 650 | _aNursing. | ||
| 650 |
_aNursing _xPractice. |
||
| 650 |
_aNursing _xStudy and teaching. |
||
| 942 |
_2lcc _cBK |
||
| 999 |
_c367502 _d367502 |
||